00388nam a2200145 a 4500008004100000020001500041050001300056100001700069245002800086246003300114260004900147300002000196350000900216700001700225120416s1998 ||||||||||||||||| || u a0748730648 aP 90 Gen a[and others]10aGNVQ Intermediate media acommunication and production aCheltenhambStanley Thornes Publishersc1998 ax, 304p. : ill. a0.00 aStarkey, Guy